000 00297nam a22001337a 4500
008 170731b xxu||||| |||| 00| 0 eng d
020 _a106615076900229500000000
041 _aeng
080 _a004
100 _a32
101 _aSHKI
245 _aONLINE RECRUTING
_cGRAHAM, D
942 _2udc
_cBK
999 _c22184
_d22184